000
00280nam a22001217a 4500
008
181005b xxu||||| |||| 00| 0 eng d
041
_a
eng
080
_a
573
100
_a
11
101
_a
BIO
245
_a
Analysis Of Drugs In biological Fluids
_c
Jose.ch
942
_2
udc
_c
BK
999
_c
48916
_d
48916